000 00357nam a2200157Ia 4500
008 220216s9999 xx 000 0 und d
100 _aLeong W
245 0 _aBranch induction
260 _bPlanters Bulletin
_c1985
300 _a80-90
650 _aBranch induction
650 _aRubber
700 _aHafsah Jaafar
700 _aYoon P K
942 _cJS
999 _c54910
_d54910